Statistics for All Capital Cities in Alphabetical Order - hints as you proceed

Click here to take the quiz!

General Stats

  • This quiz has been taken 6,184 times
  • The average score is 85 of 196

Answer Stats

Pop.DistanceBearingCapital City% Correct
603 k_b__uAbu Dhabi . ↓ __u
88%
590 k_b 5,250 km250˚ ←↑ _b . Abuja . ↓ __c
82%
1.9 M933 km245˚ ←↑ _b . Accra . ↓ __d
81%
2.7 M4,315 km84˚ →↑ _c . Addis Ababa . ↓ __g
77%
3.5 M2,628 km96˚ →↑ _n . Ankara . ↓ __t
73%
1.9 M4,730 km310˚ ←↑↑ _d . Algiers . ↓ __m
72%
741 k3,378 km311˚ ←↑↑ _m . Amsterdam . ↓ __d
72%
1.2 M3,058 km100˚ →↑ _l . Amman . ↓ __s
71%
20 k1,125 km192˚ ↓↑ _m . Andorra la Vella . ↓ __k
70%
1.3 M6,688 km166˚ ↓↑ _n . Antananarivo . ↓ __i
67%
563 k3,151 km217˚ ↓←↑ _s . Asmara . ↓ __t
67%
729 k10,993 km50˚ →↑↑ _s . Athens . ↓ __g
67%
40 k14,393 km87˚ →↑ _n . Apia . ↓ __h
66%
345 k4,919 km36˚ ↑→↑ _s . Astana . ↓ __u
66%
727 k14,418 km292˚ ←↑ _p . Ashgabat . ↓ __m
65%
1.4 M14,856 km236˚ ←↓↑ _s . Asuncion . ↓ __h
65%
1.1 M921 km31˚ ↑→↑ _a . Baku . ↓ __m
64%
7.4 M13,671 km81˚ →↑ _a . Beijing . ↓ __i
63%
13 k10,113 km253˚ ←↑ _e . Belmopan . ↓ __r
63%
3.4 M9,300 km66˚ →↑ _e . Berlin . ↓ __r
63%
1.2 M6,400 km241˚ ←↑ _a . Bamako . ↓ __n
62%
5.6 M1,937 km105˚ →↑ _t . Baghdad . ↓ __k
62%
7.6 M6,482 km262˚ ←↑ _i . Bogota . ↓ __a
61%
2.2 M3,658 km128˚ →↓↑ _o . Brasilia . ↓ __a
61%
5.1 M1,860 km301˚ ←↑↑ _a . Bangkok . ↓ __n
60%
1.9 M6,989 km264˚ ←↑ _e . Beirut . ↓ __l
60%
1.2 M1,768 km313˚ ←↑↑ _e . Belgrade . ↓ __l
60%
121 k754 km214˚ ↓←↑ _e . Bern . ↓ __s
60%
1.8 M1,775 km113˚ →↑ _r . Bucharest . ↓ __d
60%
1.7 M644 km301˚ ←↑↑ _u . Budapest . ↓ __e
60%
7.7 M3,706 km3˚ ↑↑ _u . Cairo . ↓ __n
60%
542 k9,034 km263˚ ←↑ _a . Bangui . ↓ __n
59%
34 k3,987 km284˚ ←↑ _a . Banjul . ↓ __s
58%
423 k9,557 km42˚ ↑→↑ _r . Bratislava . ↓ __a
58%
1 M7,067 km54˚ →↑↑ _r . Brussels . ↓ __c
58%
13 M11,913 km220˚ ↓←↑ _u . Buenos Aires . ↓ __j
57%
12 k4,961 km274˚ ←↑ _a . Basseterre . ↓ __i
56%
367 k14,264 km120˚ →↑ _a . Canberra . ↓ __r
56%
3 M15,461 km71˚ →↑ _a . Caracas . ↓ __s
56%
900 k5,157 km94˚ →↑ _e . Bishkek . ↓ __s
56%
64 k13,431 km93˚ →↑ _a . Bandar Seri Begawan . ↓ __n
55%
1.2 M5,809 km181˚ ↓↑ _r . Brazzaville . ↓ __i
54%
20 k747 km58˚ →↑↑ _a . Castries . ↓ __i
52%
388 k9,138 km248˚ ←↑ _i . Bissau . ↓ __g
51%
98 k8,495 km283˚ ←↑ _r . Bridgetown . ↓ __u
51%
10.3 M5,343 km101˚ →↑ _a . Dhaka . ↓ __l
50%
1.1 M5,609 km24˚ ↑↑ _o . Copenhagen . ↓ __k
50%
331 k9,594 km69˚ →↑ _u . Bujumbura . ↓ __i
50%
635 k8,874 km66˚ →↑ _a . Chisinau . ↓ __l
49%
1.5 M5,775 km68˚ →↑ _a . Damascus . ↓ __a
49%
150 k5,231 km133˚ →↓↑ _h . Dili . ↓ __i
49%
2.4 M5,222 km209˚ ↓↑ _o . Dakar . ↓ __m
49%
698 k2,395 km285˚ ←↑ _e . Zagreb
48%
623 k9,391 km283˚ ←↑ _i . Djibouti . ↓ __d
48%
344 k3,876 km26˚ ↑↑ _o . Doha . ↓ __b
48%
1 M5,668 km302˚ ←↑↑ _o . Dublin . ↓ __s
48%
180 k2,128 km202˚ ↓↑ _j . Dodoma . ↓ __h
47%
679 k5,758 km105˚ →↑ _u . Dushanbe . ↓ __e
46%
2.1 M13,120 km290˚ ←↑ _a . Havana . ↓ __l
45%
558 k8,708 km64˚ →↑ _a . Helsinki . ↓ __n
45%
1.7 M10,275 km271˚ ←↑ _o . Conakry . ↓ __p
45%
7.5 M5,031 km358˚ ↑↑ _o . London . ↓ __a
45%
4,49218,668 km264˚ ←↑ _r . Funafuti . ↓ __b
45%
8.5 M5,676 km141˚ ↓→↑ _s . Jakarta . ↓ __r
45%
235 k9,732 km291˚ ←↑ _a . Georgetown . ↓ __a
44%
802 k8,735 km247˚ ←↑ _u . Freetown . ↓ __n
44%
208 k15,338 km263˚ ←↑ _u . Gaborone . ↓ __o
44%
1.4 M15,678 km272˚ ←↑ _u . Hanoi . ↓ __r
44%
1.5 M9,218 km242˚ ←↑ _a . Harare . ↓ __v
43%
801 k8,662 km299˚ ←↑ _a . Jerusalem . ↓ __b
43%
601 k7,197 km258˚ ←↑ _a . Washington . ↓ __l
43%
994 k3,639 km283˚ ←↑ _e . Guatemala City . ↓ __n
43%
300 k3,003 km187˚ ↓↑ _e . Juba . ↓ __b
43%
517 k8,997 km51˚ →↑↑ _i . Lisbon . ↓ __u
43%
601 k10,305 km297˚ ←↑ _o . Islamabad . ↓ __k
43%
1.3 M5,368 km225˚ ↓←↑ _a . Kampala . ↓ __t
42%
1.4 M6,383 km61˚ →↑ _a . Kathmandu . ↓ __a
42%
381 k14,072 km230˚ ←↓↑ _a . Wellington . ↓ __n
42%
1 M12,748 km289˚ ←↑ _a . Yerevan . ↓ __g
42%
56 k13,264 km122˚ →↓↑ _e . Honiara . ↓ __l
42%
745 k5,807 km180˚ ↓↑ _i . Kigali . ↓ __n
42%
7.7 M8,674 km102˚ →↑ _i . Kinshasa . ↓ __a
42%
2.7 M6,808 km169˚ ↓↑ _o . Luanda . ↓ __s
42%
76 k7,524 km343˚ ↑↑ _u . Luxembourg . ↓ __d
42%
3.2 M1,280 km216˚ ↓←↑ _u . Madrid . ↓ __j
42%
12.2 M13,428 km84˚ →↑ _e . Mexico City . ↓ __n
41%
2.7 M3,875 km357˚ ↑↑ _h . Kiev . ↓ __g
41%
937 k11,867 km280˚ ←↑ _i . Kingston . ↓ __n
41%
7.7 M11,876 km271˚ ←↑ _i . Lima . ↓ __s
41%
3 M5,076 km49˚ →↑↑ _u . Kabul . ↓ __m
41%
60 k6,359 km297˚ ←↑ _u . Kuwait City . ↓ __b
41%
1.2 M1,791 km114˚ →↑ _u . Lusaka . ↓ __x
41%
1.9 M5,585 km256˚ ←↑ _a . Khartoum . ↓ __e
40%
1,10017,277 km91˚ →↑ _a . Yaren . ↓ __r
40%
24 k1,752 km107˚ →↑ _i . Kingstown . ↓ __n
40%
1.4 M9,642 km85˚ →↑ _i . Kuala Lumpur . ↓ __w
40%
1.7 M393 km225˚ ↓←↑ _i . Warsaw . ↓ __s
40%
749 k4,604 km196˚ ↓↑ _j . Lome . ↓ __n
40%
10.3 M7,493 km355˚ ↑↑ _o . Moscow . ↓ __s
40%
10.4 M7,377 km100˚ →↑ _a . Manila . ↓ __p
39%
1.1 M10,557 km244˚ ←↑ _a . Maputo . ↓ __s
39%
829689 km345˚ ↑↑ _a . Vatican City . ↓ __c
39%
272 k2,100 km67˚ →↑ _i . Ljubljana . ↓ __m
39%
1.6 M6,978 km326˚ ←↑↑ _i . Vienna . ↓ __e
39%
5,1976,797 km269˚ ←↑ _l . Vaduz . ↓ __l
39%
580 k15,672 km299˚ ←↑ _u . Oslo . ↓ __t
39%
25 k14,720 km101˚ →↑ _a . Majuro . ↓ __l
38%
973 k17,148 km272˚ ←↑ _a . Managua . ↓ __n
38%
646 k3,117 km120˚ →↑ _i . Lilongwe . ↓ __m
38%
542 k7,584 km301˚ ←↑↑ _i . Vilnius . ↓ __r
38%
812 k5,615 km254˚ ←↑ _s . Ottawa . ↓ __a
38%
155 k17,752 km268˚ ←↑ _a . Malabo . ↓ __l
37%
103 k7,186 km89˚ →↑ _a . Male . ↓ __n
37%
118 k625 km233˚ ←↓↑ _a . Maseru . ↓ __a
37%
2.1 M7,183 km48˚ →↑↑ _a . Paris . ↓ __n
37%
648 k6,561 km132˚ →↓↑ _h . Colombo . ↓ __n
37%
32 k5,944 km320˚ ←↑↑ _o . Monaco . ↓ __n
37%
147 k13,710 km83˚ →↑ _a . Manama . ↓ __n
36%
227 k12,503 km283˚ ←↑ _a . Nassau . ↓ __y
36%
408 k13,398 km89˚ →↑ _a . Panama . ↓ __r
36%
223 k2,709 km97˚ →↑ _a . Paramaribo . ↓ __r
36%
6,7941,315 km161˚ ↓↑ _a . Valletta . ↓ __t
36%
1.2 M1,889 km100˚ →↑ _a . Yaounde . ↓ __r
36%
1.7 M10,427 km70˚ →↑ _e . Minsk . ↓ __g
36%
196 k8,265 km113˚ →↑ _i . Vientiane . ↓ __l
36%
1.2 M6,590 km226˚ ←↓↑ _o . Montevideo . ↓ __r
36%
797 k3,961 km154˚ ↓↑ _o . Muscat . ↓ __i
36%
1.2 M15,657 km78˚ →↑ _o . Port-au-Prince . ↓ __r
36%
2.7 M3,625 km220˚ ↓←↑ _u . Nairobi . ↓ __s
36%
76 k489 km47˚ →↑↑ _a . Mbabane . ↓ __l
35%
774 k7,866 km257˚ ←↑ _e . Niamey . ↓ __c
35%
268 k12,572 km278˚ ←↑ _e . Windhoek . ↓ __m
35%
2.5 M5,975 km164˚ ↓↑ _i . Mogadishu . ↓ __n
35%
2.3 M3,677 km301˚ ←↑↑ _i . Roma . ↓ __s
35%
8.3 M9,509 km93˚ →↑ _i . Tokyo . ↓ __i
35%
317 k6,671 km74˚ →↑ _' . New Delhi . ↓ __a
35%
49 k1,453 km126˚ →↓↑ _o . Port-of-Spain . ↓ __r
35%
578 k5,193 km231˚ ←↓↑ _u . Libreville . ↓ __l
35%
844 k7,529 km81˚ →↑ _u . Ulaanbaatar . ↓ __d
35%
742 k2,583 km107˚ →↑ _e . Riga . ↓ __y
34%
7.1 M12,992 km80˚ →↑ _e . Tehran . ↓ __i
34%
136 k8,798 km292˚ ←↑ _h . Podgorica . ↓ __r
34%
200 k3,946 km52˚ →↑↑ _i . Nicosia . ↓ __u
34%
194 k4,061 km323˚ ←↑↑ _i . Yamoussoukro . ↓ __o
34%
939 k4,513 km203˚ ↓↑ _o . Monrovia . ↓ __n
34%
283 k9,626 km82˚ →↑ _o . Port Moresby . ↓ __r
34%
1.6 M8,346 km63˚ →↑ _u . Rabat . ↓ __y
34%
1.3 M15,052 km105˚ →↑ _y . Quito . ↓ __b
34%
721 k8,648 km264˚ ←↑ _a . N'Djamena . ↓ __w
33%
1.5 M9,950 km113˚ →↑ _a . Phnom Penh . ↓ __d
33%
118 k3,505 km342˚ ↑↑ _a . Reykjavik . ↓ __g
33%
4.8 M13,231 km246˚ ←↑ _a . Santiago . ↓ __n
33%
10.3 M8,485 km94˚ →↑ _a . Seoul . ↓ __n
33%
22 k6,741 km139˚ ↓→↑ _a . Victoria . ↓ __e
33%
4.2 M4,016 km152˚ ↓↑ _i . Riyadh . ↓ __m
33%
42 k10,120 km75˚ →↑ _o . Moroni . ↓ __s
33%
155 k7,965 km150˚ ↓→↑ _o . Port Louis . ↓ __r
33%
234 k7,062 km93˚ →↑ _o . Porto-Novo . ↓ __r
33%
1.1 M15,731 km296˚ ←↑ _o . Prague . ↓ __a
33%
550 k7,609 km354˚ ↑↑ _r . Pristina . ↓ __o
33%
3.2 M8,199 km92˚ →↑ _r . Pyongyang . ↓ __i
33%
693 k517 km327˚ ←↑↑ _r . Tunis . ↓ __a
33%
1 M7,805 km117˚ →↑ _t . Ouagadougou . ↓ __l
33%
< 10k16,922 km91˚ →↑ _u . Palikir . ↓ __n
33%
925 k14,997 km91˚ →↑ _a . Nay Pyi Taw . ↓ __D
32%
4,5009,768 km67˚ →↑ _a . San Marino . ↓ __n
32%
1.9 M11,061 km293˚ ←↑ _a . Tashkent . ↓ __i
32%
374 k6,427 km283˚ ←↑ _h . Tirana . ↓ __k
32%
661 k5,204 km248˚ ←↑ _i . Nouakchott . ↓ __k
32%
22 k17,829 km255˚ ←↑ _o . Nuku'alofa . ↓ __l
32%
35 k18,034 km98˚ →↑ _o . Port-Vila . ↓ __a
32%
1.1 M10,597 km268˚ ←↑ _o . Tripoli . ↓ __n
32%
113 k5,183 km221˚ ↓←↑ _r . Praia . ↓ __e
32%
7.8 M7,800 km307˚ ←↑↑ _u . Taipei . ↓ __l
32%
24 k560 km358˚ ↑↑ _a . Saint John's . ↓ __n
31%
335 k2,532 km251˚ ←↑ _a . San Jose . ↓ __n
31%
525 k9,872 km250˚ ←↑ _a . San Salvador . ↓ __n
31%
2.2 M5,750 km0˚ ↑↑ _a . Santo Domingo . ↓ __o
31%
394 k8,011 km296˚ ←↑ _a . Tallinn . ↓ __r
31%
850 k12,120 km256˚ ←↑ _b . Tegucigalpa . ↓ __h
31%
16 k7,564 km247˚ ←↑ _o . Roseau . ↓ __i
31%
1.2 M1,885 km348˚ ↑↑ _o . Stockholm . ↓ __c
31%
1.6 M7,184 km128˚ →↓↑ _r . Pretoria . ↓ __i
31%
53 k8,603 km103˚ →↑ _a . Sao Tome . ↓ __r
30%
696 k4,956 km13˚ ↑↑ _a . Sarajevo . ↓ __o
30%
< 1,00011,724 km71˚ →↑ _b . Melekeok . ↓ __x
30%
3.5 M4,663 km210˚ ↓↑ _e . Singapore . ↓ __o
30%
7,500361 km186˚ ↓↑ _o . Saint George's . ↓ __i
30%
77 k11,941 km270˚ ←↑ _u . Suva . ↓ __i
30%
1.9 M13,973 km89˚ →↑ _a . Sanaa . ↓ __n
29%
1 M2,030 km271˚ ←↑ _a . Tbilisi . ↓ __g
29%
98 k3,715 km104˚ →↑ _e . Thimphu . ↓ __r
29%
474 k9,288 km298˚ ←↑ _i . Skopje . ↓ __f
29%
1.1 M174 km63˚ →↑ _k . Sofia . ↓ __o
29%
224 k11,436 km221˚ ↓←↑ _t . Sucre . ↓ __v
28%
40 k12,721 km116˚ →↑ _a . Tarawa . ↓ __s
27%

Score Distribution

Percentile by Number Answered

Percent of People with Each Score

Your Score History

You have not taken this quiz